000 00947cam a2200241 a 4500
999 _c329182
_d329182
001 3576723
003 Nust
005 20170426111333.0
008 990604r20001950nyu 000 1 eng
010 _a 99035316
020 _a0060953462 (pbk.)
040 _aDLC
_cDLC
_dDLC
050 0 0 _aPR6023.E833
_bG7 2000
082 0 0 _a923.914 LES
_221
100 1 _aLessing, Doris,
_d1919-2013.
245 1 4 _aThe Grass is Singing /
_cDoris Lessing.
250 _a1st Perennial Classics ed.
260 _aNew York :
_bPerennial Classics,
_c2000, c1950.
300 _a243 p. ;
_c21 cm.
856 4 2 _3Publisher description
_uhttp://www.loc.gov/catdir/description/hc043/99035316.html
906 _a7
_bcbc
_corignew
_d1
_eocip
_f19
_gy-gencatlg
942 _2ddc
_cBK